000 00404nam a22001697a 4500
003 NUST - PNEC
005 20170116181122.0
008 151005b xxu||||| |||| 00| 0 eng d
020 _a-
040 _cLIBRARY
082 _a800.8 SID
100 _913543
_aSadiq Salik
245 _aTadam e tehreer
_cSadiq Salik
260 _cc.1997
650 _913545
_aUrdu Literature
_xGeneral
942 _2ddc
_cBK
999 _c69604
_d69604